000 00906nam a2200277 a 4500
001 000048431
003 DO-SdBNP
005 20240412074307.0
008 190315s2018 dr 000 p spa d
020 _a9789945503364
040 _aDO-SdBNP
_bspa
_cBNPHU
082 _aRD861.5
_bR173L, 2018
100 1 _aRamírez, Reina Lissette
_973895
245 1 0 _aLínea de retorno /
_cReina Lissette Ramírez.
260 _aSanto Domingo :
_bNacional,
_c2018.
300 _a93 p. ;
_c22 cm.
490 0 _aPoesía
500 _aIncluye datos biográficos de la autora en la solapa de la cubierta
500 _a14a. Feria Regional del Libro Cotuí, 2018
590 _aInventariado, 2019/VM
650 4 _aCertámenes literarios
_zRepública Dominicana
_96650
650 0 _aPoesía dominicana
_966
650 0 _aLiteratura dominicana.
_967
910 _aValidado. Control de calidad MFF
942 _2ddc
_cLBS1
999 _c47919
_d47919